000 00354nam a2200133Ia 4500
005 20260328104300.0
008 260328s9999||||xx |||||||||||||| ||und||
100 _aVelarde, Héctor
245 0 _aHéctor Velarde :
_b Arquitecto y Humanista /
_cHéctor Velarde
260 _bUniversidad de Lima
300 _a240 p.
650 _aHISTORIA
942 _cBK
999 _c10581
_d10581